Statistics for Countries Joseph Stalin visited

Click here to take the quiz!

General Stats

  • This quiz has been taken 130 times
  • The average score is 5 of 8

Answer Stats

ContinentCountry% Correct
EuropeGermany
93%
EuropeUnited Kingdom
87%
EuropePoland
82%
EuropeFinland
71%
Asia/ EuropeSoviet Union
66%
AsiaIran
59%
EuropeAustria
49%
EuropeDenmark
41%

Score Distribution

Percentile by Number Answered

Percent of People with Each Score

Your Score History

You have not taken this quiz